000 00595nam a2200205 i 4500
001 102665
003 ES-MaACL
005 20230906183144.0
007 t|
008 051124s1988 xxu ||||1| spa d
080 _a821.134.2(729.5)-14"19"
100 1 _aTorres Santiago, José Manuel.
_9111019
245 1 0 _aSobre casas de muertos va mi sombra /
_cJosé Manuel Torres Santiago.
260 _aNew York :
_b[s.n.,
_c1988]
300 _a126 p. ;
_c22 cm.
490 1 _aIda y vuelta
830 0 _aIda y vuelta
_9232530
852 _aES-MaACL
_jE-11112
_bR.136846
999 _c102665
_d102665